Online Catalogue and eLibrary

Mahakaviyin Kodai (Record no. 3766)

MARC details
000 -LEADER
fixed length control field 00444nam a2200157Ia 4500
005 - DATE AND TIME OF LATEST TRANSACTION
control field 20250307013529.0
008 - FIXED-LENGTH DATA ELEMENTS--GENERAL INFORMATION
fixed length control field 240331s9999 xx 000 0 und d
082 ## - DDC Classification
Item Number - Author Mark URU
DDC Edition Number 4528
Class No. 894.811
100 ## - MAIN ENTRY--PERSONAL NAME
Personal name Uruthiramurthi, P
245 #0 - TITLE STATEMENT
Title Mahakaviyin Kodai
250 ## - EDITION STATEMENT
Edition statement 3rd Edition
260 ## - PUBLICATION, DISTRIBUTION, ETC.
Place of publication, distribution, etc. Jaffna,
Name of publisher, distributor, etc. Poobalasingam Puuthahasalai,
Date of publication, distribution, etc. 1990
300 ## - PHYSICAL DESCRIPTION
Extent (e.g. Volumes, Pages etc.) xiv, 74 p.,
500 ## - GENERAL NOTE
General note Screenplay of 'Kodai', one of Mahakavi's greatest work.
942 ## - Koha item type (Biblio)
Koha item type Books in Stacks (Lending)
Holdings
Lost status Damaged status Collection code Home library Current library Shelving location Date acquired Full call number Accession Number Item type
    Lending WERC Library WERC Library Social Science Cupboard 03/31/2024 894.811 URU 4528 Books in Stacks (Lending)

© WERC Library